[Event "POL-ch U17 Qual"]
[Site "Jastrzebia Gora"]
[Date "2021.11.17"]
[Round "4"]
[White "Ciborowski, Konrad Jr"]
[Black "Bednarczyk, Mateusz"]
[Result "1-0"]
[WhiteElo "1871"]
[BlackElo "1525"]
[PlyCount "131"]
[EventDate "2021.11.15"]
[EventType "swiss"]
[EventRounds "9"]
[EventCountry "POL"]
[SourceTitle "EXT 2023"]
[Source "ChessBase"]
[SourceDate "2022.10.05"]
[SourceVersion "1"]
[SourceVersionDate "2022.10.05"]
[SourceQuality "1"]

1. e4 c5 2. Nf3 Nc6 3. d4 cxd4 4. Nxd4 Nf6 5. Nc3 d6 6. f3 e5 7. Nb3 Be7 8. Be3 0-0 9. Qd2 a5 10. Bb5 Be6 11. 0-0-0 Nb4 12. a3 Qc7 13. Kb1 d5 14. exd5 Nbxd5 15. Nxd5 Nxd5 16. Qf2 Nxe3 17. Qxe3 a4 18. Nc1 Rfc8 19. c3 Bc5 20. Qe2 Ra5 21. Bd3 Qb6 22. Ka1 Bxa3 23. bxa3 Rxc3 24. Na2 Rxa3 25. Bc4 g6 26. Bxe6 Qxe6 27. Rd3 Rb3 28. Rc1 e4 29. Rd8+ Kg7 30. Qxe4 Qxe4 31. fxe4 Rg5 32. Rd2 Re3 33. Rc7 b5 34. Rf2 Kg8 35. Nc3 b4 36. Nd5 Ra3+ 37. Kb1 Rb3+ 38. Kc1 a3 39. Rc4 Rb2 40. Rxb2 axb2+ 41. Kxb2 Rxg2+ 42. Rc2 Rxc2+ 43. Kxc2 f5 44. exf5 gxf5 45. Nxb4 Kf7 46. Kd3 Kg6 47. Ke3 Kg5 48. Nd3 Kg4 49. Nf2+ Kg5 50. Kf3 h6 51. Kg3 h5 52. h4+ Kg6 53. Kf4 Kf6 54. Nh1 Kg6 55. Ng3 Kf6 56. Nxf5 Kg6 57. Ng3 Kh6 58. Kf5 Kg7 59. Kg5 Kh7 60. Kxh5 Kg7 61. Kg5 Kh7 62. h5 Kg7 63. h6+ Kh7 64. Ne4 Kh8 65. Kg6 Kg8 66. Ng5 1-0

[Event "POL-ch U17 Qual"]
[Site "Jastrzebia Gora"]
[Date "2021.11.16"]
[Round "2"]
[White "Wolny, Dawid"]
[Black "Ciborowski, Konrad Jr"]
[Result "1-0"]
[WhiteElo "1433"]
[BlackElo "1871"]
[PlyCount "67"]
[EventDate "2021.11.15"]
[EventType "swiss"]
[EventRounds "9"]
[EventCountry "POL"]
[SourceTitle "EXT 2023"]
[Source "ChessBase"]
[SourceDate "2022.10.05"]
[SourceVersion "1"]
[SourceVersionDate "2022.10.05"]
[SourceQuality "1"]

1. e4 e6 2. d4 d5 3. Nc3 dxe4 4. Nxe4 Nd7 5. Nf3 Ngf6 6. Bd3 c5 7. c3 cxd4 8. Nxd4 Be7 9. Bg5 h6 10. Bh4 Nxe4 11. Bxe7 Qxe7 12. Bxe4 0-0 13. 0-0 Rd8 14. Qe2 Nf6 15. Bc2 Qc7 16. Rfe1 b6 17. Qe5 Qxe5 18. Rxe5 Bb7 19. f3 Rac8 20. Rd1 a6 21. a4 Ne8 22. Bb3 Nd6 23. a5 b5 24. Nc2 Kf8 25. Kf2 Ke7 26. Nb4 Rc7 27. Re3 Rcd7 28. Red3 h5 29. Ke2 h4 30. h3 g5 31. Ba2 f5 32. Kf2 Rc7 33. Re1 Bc8 34. Nd5+ 1-0

[Event "POL-ch U17 Qual"]
[Site "Jastrzebia Gora"]
[Date "2021.11.15"]
[Round "1"]
[White "Ciborowski, Konrad Jr"]
[Black "Labedz, Dawid"]
[Result "0-1"]
[WhiteElo "1871"]
[BlackElo "1542"]
[PlyCount "64"]
[EventDate "2021.11.15"]
[EventType "swiss"]
[EventRounds "9"]
[EventCountry "POL"]
[SourceTitle "EXT 2023"]
[Source "ChessBase"]
[SourceDate "2022.10.05"]
[SourceVersion "1"]
[SourceVersionDate "2022.10.05"]
[SourceQuality "1"]

1. d4 Nf6 2. Nc3 d5 3. Bf4 Bf5 4. e3 e6 5. f3 a6 6. g4 Bg6 7. h4 h6 8. h5 Bh7 9. Qd2 Nc6 10. Nge2 Bd6 11. a3 Qd7 12. Rg1 0-0-0 13. 0-0-0 e5 14. Bg3 Rhe8 15. dxe5 Bxe5 16. Bh4 d4 17. Bh3 dxc3 18. Qxd7+ Nxd7 19. Bxd8 cxb2+ 20. Kb1 Nxd8 21. g5 Ne6 22. g6 Bg8 23. Nf4 fxg6 24. Rxg6 Bf6 25. Nd5 Be5 26. f4 Bd6 27. f5 Ng5 28. Bg2 Be5 29. f6 Nxf6 30. Nf4 Nfe4 31. Bxe4 Nxe4 32. Ne2 Ng5 0-1

[Event "Rubinstein Memorial op-D 57th"]
[Site "Polanica Zdroj"]
[Date "2021.08.17"]
[Round "4"]
[White "Darowicki, Mariusz"]
[Black "Ciborowski, Konrad Jr"]
[Result "1-0"]
[WhiteElo "1913"]
[BlackElo "1742"]
[PlyCount "55"]
[EventDate "2021.08.14"]
[EventType "swiss"]
[EventRounds "9"]
[EventCountry "POL"]
[SourceTitle "CBM 204 Extra"]
[Source "ChessBase"]
[SourceDate "2021.11.30"]
[SourceVersion "1"]
[SourceVersionDate "2021.11.30"]
[SourceQuality "1"]

1. d4 f5 2. Bg5 h6 3. Bh4 g5 4. Bg3 Nf6 5. e3 d6 6. Nf3 e6 7. Bc4 Qe7 8. Nc3 a6 9. Qe2 b5 10. Bb3 Bb7 11. 0-0-0 Nbd7 12. Ne1 Bg7 13. h4 b4 14. Na4 Ne4 15. hxg5 Nxg3 16. fxg3 0-0-0 17. Nd3 e5 18. dxe5 Nxe5 19. Nxb4 Ng4 20. Rhe1 Rde8 21. Qd3 Qxg5 22. Bd5 Bxd5 23. Nxd5 Re5 24. Qxa6+ Kd8 25. Nc5 dxc5 26. Nf6+ Ke7 27. Rd7+ Kf8 28. Qc8+ 1-0

[Event "Wroclaw Anderssen Memorial op"]
[Site "Wroclaw"]
[Date "2021.07.31"]
[Round "9"]
[White "Ciborowski, Konrad Jr"]
[Black "Krupacz, Maciej"]
[Result "1-0"]
[WhiteElo "1884"]
[BlackElo "1840"]
[PlyCount "49"]
[EventDate "2021.07.31"]
[EventType "swiss (rapid)"]
[EventRounds "9"]
[EventCountry "POL"]
[SourceTitle "CBM 203 Extra"]
[Source "ChessBase"]
[SourceDate "2021.09.30"]
[SourceVersion "1"]
[SourceVersionDate "2021.09.30"]
[SourceQuality "1"]

1. e4 c5 2. Nf3 d6 3. d4 cxd4 4. Nxd4 Nf6 5. Nc3 g6 6. Be3 Bg7 7. f3 0-0 8. Qd2 Nc6 9. 0-0-0 d5 10. Nxc6 bxc6 11. Bh6 Bxh6 12. Qxh6 e5 13. exd5 cxd5 14. h4 Be6 15. h5 Qe7 16. Qg5 Bf5 17. g4 d4 18. gxf5 dxc3 19. hxg6 cxb2+ 20. Kb1 fxg6 21. Bc4+ Kh8 22. fxg6 Qg7 23. Rxh7+ Nxh7 24. Rh1 Rg8 25. Qxe5 1-0

[Event "Wroclaw Anderssen Memorial op"]
[Site "Wroclaw"]
[Date "2021.07.31"]
[Round "6"]
[White "Goldschmidt, Sven"]
[Black "Ciborowski, Konrad Jr"]
[Result "1/2-1/2"]
[WhiteElo "1921"]
[BlackElo "1884"]
[PlyCount "69"]
[EventDate "2021.07.31"]
[EventType "swiss (rapid)"]
[EventRounds "9"]
[EventCountry "POL"]
[SourceTitle "CBM 203 Extra"]
[Source "ChessBase"]
[SourceDate "2021.09.30"]
[SourceVersion "1"]
[SourceVersionDate "2021.09.30"]
[SourceQuality "1"]

1. e4 c5 2. Nc3 a6 3. f4 b5 4. Nf3 Bb7 5. d3 Nc6 6. g3 e6 7. Bg2 d5 8. 0-0 Be7 9. Ne5 Nf6 10. Nxc6 Bxc6 11. e5 Nd7 12. Ne2 Qb6 13. Be3 d4 14. Bxc6 Qxc6 15. Bf2 h5 16. h4 Nb6 17. Kh2 g6 18. Ng1 Rd8 19. Qf3 Qxf3 20. Nxf3 Nd5 21. Nd2 Nb4 22. Rfc1 c4 23. dxc4 d3 24. cxb5 dxc2 25. Ne4 Rc8 26. Nc3 axb5 27. a3 Nd3 28. Rxc2 0-0 29. Rd2 Nxb2 30. Rxb2 Rxc3 31. Rxb5 Rxa3 32. Rxa3 Bxa3 33. Ra5 Bb4 34. Rb5 Ba3 35. Bc5 1/2-1/2

[Event "Poronin Tatra Limba op"]
[Site "Poronin"]
[Date "2021.05.26"]
[Round "6"]
[White "Ciborowski, Konrad Jr"]
[Black "Zysko, Jan"]
[Result "1-0"]
[WhiteElo "1837"]
[BlackElo "2145"]
[PlyCount "119"]
[EventDate "2021.05.22"]
[EventType "swiss"]
[EventRounds "9"]
[EventCountry "POL"]
[SourceTitle "EXT 2022"]
[Source "ChessBase"]
[SourceDate "2021.10.06"]
[SourceVersion "1"]
[SourceVersionDate "2021.10.06"]
[SourceQuality "1"]

1. e4 c5 2. Nf3 e6 3. d4 cxd4 4. Nxd4 Nc6 5. Nxc6 bxc6 6. Bd3 Nf6 7. 0-0 d5 8. Nc3 Be7 9. b3 Bb7 10. Bb2 0-0 11. Qe2 c5 12. Rae1 Re8 13. Bb5 d4 14. Nb1 Nxe4 15. Bxe8 Qxe8 16. f3 Nf6 17. c3 Rd8 18. Rd1 Qc6 19. Rfe1 Ba6 20. Qf2 c4 21. Rxd4 Rxd4 22. cxd4 cxb3 23. axb3 Qb5 24. Qc2 Bd6 25. Ba3 Qa5 26. b4 Qh5 27. g4 Nxg4 28. fxg4 Qxg4+ 29. Qg2 Qxd4+ 30. Kh1 Qb6 31. Nd2 Bb7 32. Nf3 g6 33. Qe2 a5 34. Qe3 Qc6 35. Kg2 axb4 36. Bb2 Qc2+ 37. Re2 Qf5 38. Rd2 Bc7 39. h3 e5 40. Rf2 f6 41. Qb3+ Kg7 42. Qxb4 Qg5+ 43. Kh1 Qe3 44. Qxb7 Qxf2 45. Qxc7+ Kh6 46. Bc1+ g5 47. Ng1 Qd4 48. Qc6 Kg6 49. Bxg5 Qf2 50. Bc1 Qe1 51. Qg2+ Kf7 52. Bh6 Ke6 53. Qa2+ Kf5 54. Qc2+ e4 55. Qe2 Qh4 56. Bc1 Qg3 57. Qh5+ Ke6 58. Qe8+ Kf5 59. Qc8+ Kg6 60. Qg8+ 1-0

[Event "Poronin Tatra Limba op"]
[Site "Poronin"]
[Date "2021.05.26"]
[Round "7"]
[White "Kyc, Jerzy"]
[Black "Ciborowski, Konrad Jr"]
[Result "1/2-1/2"]
[WhiteElo "2274"]
[BlackElo "1837"]
[PlyCount "110"]
[EventDate "2021.05.22"]
[EventType "swiss"]
[EventRounds "9"]
[EventCountry "POL"]
[SourceTitle "EXT 2022"]
[Source "ChessBase"]
[SourceDate "2021.10.06"]
[SourceVersion "1"]
[SourceVersionDate "2021.10.06"]
[SourceQuality "1"]

1. e4 c5 2. Nf3 d6 3. d4 cxd4 4. Nxd4 Nf6 5. Nc3 a6 6. Bg5 e6 7. f4 Qb6 8. Qd2 Nc6 9. Bxf6 gxf6 10. Nb3 Be7 11. 0-0-0 Bd7 12. Be2 h5 13. Kb1 0-0-0 14. Bf3 Kb8 15. Qe2 h4 16. Bg4 Na7 17. f5 Nb5 18. Nxb5 Bxb5 19. c4 Bd7 20. fxe6 fxe6 21. Nd4 f5 22. exf5 exf5 23. Bxf5 Bf6 24. Bxd7 Bxd4 25. Bg4 Rhf8 26. Bf3 h3 27. Rd3 Rde8 28. Qc2 Re3 29. Rxe3 Bxe3 30. Rd1 Bd4 31. Rd3 Qxb2+ 32. Qxb2 Bxb2 33. Rb3 hxg2 34. Bxg2 Be5 35. Rxb7+ Kc8 36. h3 Rf2 37. Bd5 Rf1+ 38. Kc2 Rf2+ 39. Kd3 Rxa2 40. h4 a5 41. Rh7 Rf2 42. h5 a4 43. Ra7 Rh2 44. Bf3 Rh4 45. Rxa4 Kd7 46. Ra7+ Ke6 47. Bd5+ Kf6 48. Rh7 Kg5 49. Bf7 Kf6 50. Ke3 Kg5 51. Kd3 Kf6 52. Kc2 Rh2+ 53. Kb3 Rb2+ 54. Ka4 Rb7 55. Bg6 Rxh7 1/2-1/2

[Event "POL-ch U18"]
[Site "Szklarska Poreba"]
[Date "2021.03.17"]
[Round "5"]
[White "Marciniak, Leonard"]
[Black "Ciborowski, Konrad Jr"]
[Result "0-1"]
[WhiteElo "1779"]
[BlackElo "1762"]
[PlyCount "50"]
[EventDate "2021.03.13"]
[EventType "swiss"]
[EventRounds "9"]
[EventCountry "POL"]
[SourceTitle "CBM 201 Extra"]
[Source "ChessBase"]
[SourceDate "2021.05.31"]
[SourceVersion "1"]
[SourceVersionDate "2021.05.31"]
[SourceQuality "1"]

1. e4 c5 2. Nf3 d6 3. d4 cxd4 4. Nxd4 Nf6 5. Nc3 a6 6. h3 e5 7. Nde2 b5 8. g4 b4 9. Nd5 Nxd5 10. exd5 Be7 11. Ng3 0-0 12. Qf3 Bg5 13. Bd3 Bxc1 14. Rxc1 Qg5 15. Rd1 a5 16. Ne4 Qe7 17. g5 Nd7 18. Qh5 g6 19. Qh4 f5 20. gxf6 Nxf6 21. Ng5 Nh5 22. Nf3 Qg7 23. Qe4 Bf5 24. Qe3 e4 25. Bxe4 Bxe4 0-1

[Event "Polanica Zdroj op-C 56th"]
[Site "Polanica Zdroj"]
[Date "2020.08.22"]
[Round "8"]
[White "Ciborowski, Konrad Jr"]
[Black "Lambrecht, Tomasz"]
[Result "0-1"]
[WhiteElo "1464"]
[BlackElo "1750"]
[PlyCount "120"]
[EventDate "2020.08.15"]
[EventType "swiss"]
[EventRounds "9"]
[EventCountry "POL"]
[SourceTitle "CBM 198 Extra"]
[Source "ChessBase"]
[SourceDate "2020.11.30"]
[SourceVersion "1"]
[SourceVersionDate "2020.11.30"]
[SourceQuality "1"]

1. e4 c6 2. Nc3 d5 3. Nf3 Bg4 4. h3 Bxf3 5. Qxf3 Nf6 6. d3 e6 7. Bd2 Bb4 8. 0-0-0 d4 9. Ne2 Bxd2+ 10. Rxd2 c5 11. c4 Nc6 12. g4 Nd7 13. Qg3 e5 14. f4 f6 15. g5 fxg5 16. Qxg5 Qxg5 17. fxg5 Nf8 18. h4 Ne6 19. Bh3 Ke7 20. Bxe6 Kxe6 21. Rg1 g6 22. a3 Raf8 23. h5 Rf3 24. Rh1 Rhf8 25. hxg6 hxg6 26. Rdd1 Re3 27. Rh2 Rff3 28. Kc2 a6 29. Rd2 Ne7 30. Rh8 Kd7 31. Rb8 Kc7 32. Re8 Kd7 33. Rb8 Kc7 34. Re8 Rf7 35. Rh8 Ref3 36. Rd1 Re3 37. Rd2 Nc6 38. Rg8 Ne7 39. Rh8 Rf1 40. Re8 Kd7 41. Rb8 Kc6 42. Re8 Rf7 43. Rh8 Ref3 44. Rd1 Rf2 45. Kd2 Rg2 46. Rg1 Rff2 47. Rxg2 Rxg2 48. Re8 Kd7 49. Rb8 Kc7 50. Re8 Nc6 51. Ke1 Rxg5 52. Kf2 Rh5 53. Rg8 Rh1 54. Rxg6 Rb1 55. b4 cxb4 56. axb4 Nxb4 57. Rg3 Rd1 58. Ng1 Rxd3 59. Nf3 Nc6 60. c5 Rc3 0-1

[Event "Polanica Zdroj op-C 56th"]
[Site "Polanica Zdroj"]
[Date "2020.08.21"]
[Round "7"]
[White "Maslo, Slawomir"]
[Black "Ciborowski, Konrad Jr"]
[Result "0-1"]
[WhiteElo "1740"]
[BlackElo "1464"]
[PlyCount "52"]
[EventDate "2020.08.15"]
[EventType "swiss"]
[EventRounds "9"]
[EventCountry "POL"]
[SourceTitle "CBM 198 Extra"]
[Source "ChessBase"]
[SourceDate "2020.11.30"]
[SourceVersion "1"]
[SourceVersionDate "2020.11.30"]
[SourceQuality "1"]

1. d4 f5 2. c4 Nf6 3. Nc3 d6 4. g3 g6 5. Bg2 Bg7 6. Nf3 0-0 7. 0-0 Qe8 8. Bg5 e5 9. Bxf6 Bxf6 10. dxe5 dxe5 11. Nd5 Bd8 12. e4 c6 13. Nc3 f4 14. Qb3 g5 15. Nd2 Qh5 16. Qd1 g4 17. f3 Bb6+ 18. Rf2 Bxf2+ 19. Kxf2 fxg3+ 20. hxg3 gxf3 21. Nxf3 Bg4 22. Qd3 Na6 23. Qe3 Bxf3 24. Bxf3 Rxf3+ 25. Qxf3 Rf8 26. Qxf8+ Kxf8 0-1

[Event "Polanica Zdroj op-D 56th"]
[Site "Polanica Zdroj"]
[Date "2020.08.20"]
[Round "6"]
[White "Brzozowski, Pawel"]
[Black "Ciborowski, Konrad Jr"]
[Result "0-1"]
[WhiteElo "1620"]
[BlackElo "1405"]
[PlyCount "100"]
[EventDate "2020.08.15"]
[EventType "swiss"]
[EventRounds "9"]
[EventCountry "POL"]
[SourceTitle "CBM 198 Extra"]
[Source "ChessBase"]
[SourceDate "2020.11.30"]
[SourceVersion "1"]
[SourceVersionDate "2020.11.30"]
[SourceQuality "1"]

1. e4 c5 2. Nf3 d6 3. d4 cxd4 4. Nxd4 Nf6 5. Nc3 a6 6. Be2 e5 7. Nb3 Be7 8. Be3 Be6 9. Qd2 0-0 10. 0-0-0 b5 11. f4 b4 12. Nd5 Nxe4 13. Nxe7+ Qxe7 14. Qxb4 f5 15. Bf3 Nc6 16. Qa4 Rac8 17. fxe5 dxe5 18. Bxe4 fxe4 19. Bc5 Qg5+ 20. Kb1 Rfd8 21. Qxe4 Kh8 22. Rxd8+ Nxd8 23. Rf1 Nf7 24. Qb7 Nh6 25. g3 Qg4 26. Rf8+ Rxf8 27. Bxf8 Bf5 28. Qd5 Bxc2+ 29. Kxc2 Qf5+ 30. Kc3 Qxf8 31. Qxe5 Ng4 32. Qe2 Qf6+ 33. Nd4 Ne5 34. Qe4 h6 35. Qf5 Qd6 36. Ne6 Nd7 37. Nf4 Nc5 38. Qd5 Qb6 39. b4 Nb7 40. Qe6 Nd6 41. a4 a5 42. bxa5 Qxa5+ 43. Kd3 Qxa4 44. Ng6+ Kh7 45. Nf8+ Kh8 46. Ke3 Qa7+ 47. Kf3 Qa8+ 48. Kg4 Qxf8 49. Kh5 Kh7 50. Qg6+ Kg8 0-1